| 000 | 00909nam a2200253 a 4500 | ||
|---|---|---|---|
| 001 | 58008 | ||
| 003 | BD-RjUL | ||
| 005 | 20211209080558.0 | ||
| 008 | 161212s2004 enkab 001 0 eng d | ||
| 020 | _a8176498645 | ||
| 035 | _a(BD-RjUL)58132 | ||
| 040 |
_aDLC _cDLC _beng _dBD-RjUL |
||
| 041 | _aeng | ||
| 082 | 0 |
_a320.3091724 _223 _bGRC 2004 |
|
| 100 | 1 |
_aGreen, December. _9172220 |
|
| 245 | 1 | 0 |
_aComparative politics of the Third World : _blinking concepts and cases / _cDecember Green and Laura Luehrmann. |
| 260 |
_aBoulder ; _aLondon : _bLynne Rienner, _c2004. |
||
| 300 |
_axii, 538 p. : _bill., maps ; _c26 cm. |
||
| 504 | _aIncludes bibliographical references and index. | ||
| 651 | 0 |
_aDeveloping countries _xPolitics and government _vCase studies. _9172221 |
|
| 651 | 0 |
_aDeveloping countries _xEconomic policy _vCase studies. _9172222 |
|
| 700 | 1 |
_aLuehrmann, Laura, _d1969- _9172223 |
|
| 942 |
_2ddc _cBK |
||
| 999 |
_c58008 _d58008 |
||